[Event "GER-ch Net blitz qual1"]
[Site "Playchess.com INT"]
[Date "2021.04.24"]
[Round "2"]
[White "Henrich, David"]
[Black "Gast, Rainer"]
[Result "1/2-1/2"]
[WhiteElo "1889"]
[BlackElo "1620"]
[PlyCount "143"]
[EventDate "2021.04.24"]
[EventType "swiss (blitz)"]
[EventRounds "11"]
[EventCountry "GER"]
[SourceTitle "CBM 202 Extra"]
[Source "ChessBase"]
[SourceDate "2021.07.31"]
[SourceVersion "1"]
[SourceVersionDate "2021.07.31"]
[SourceQuality "1"]

1. c4 e6 2. g3 d5 3. Bg2 c6 4. Nf3 Nf6 5. 0-0 Bd6 6. b3 0-0 7. Bb2 Re8 8. d4 Nbd7 9. Ne5 Qc7 10. Nxd7 Bxd7 11. Nc3 Rad8 12. Rc1 Qb8 13. c5 Bc7 14. f4 b6 15. cxb6 axb6 16. Na4 Bd6 17. Qd3 Qa7 18. Rc2 Ra8 19. Rfc1 Be7 20. a3 c5 21. Nc3 cxd4 22. Nb5 Bxb5 23. Qxb5 Qb7 24. Rc7 Qa6 25. Qxa6 Rxa6 26. b4 Raa8 27. Bxd4 Rab8 28. R7c6 b5 29. Ra6 h6 30. Rcc6 Ne4 31. Bxe4 dxe4 32. Rcb6 Kf8 33. Kf2 Rec8 34. Ke3 f5 35. Rc6 Rxc6 36. Rxc6 Kf7 37. Rc7 Re8 38. Bc5 Kf6 39. Rxe7 Rxe7 40. Bxe7+ Kxe7 41. Kd4 Kd6 42. e3 g5 43. fxg5 hxg5 44. h4 e5+ 45. Kc3 gxh4 46. gxh4 f4 47. exf4 exf4 48. Kd2 f3 49. Ke3 Ke5 50. h5 Kf5 51. Kf2 Kg5 52. a4 bxa4 53. b5 a3 54. b6 a2 55. b7 a1Q 56. b8Q Qa2+ 57. Ke3 Qe2+ 58. Kd4 Qd3+ 59. Kc5 Kxh5 60. Qh2+ Kg4 61. Qg1+ Kf4 62. Qh2+ Ke3 63. Qh6+ Ke2 64. Qh5 Kd2 65. Qh2+ Qe2 66. Qd6+ Ke1 67. Qh6 f2 68. Qc1+ Qd1 69. Qe3+ Qe2 70. Qc1+ Qd1 71. Qe3+ Qe2 72. Qc1+ 1/2-1/2

[Event "GER-ch Net blitz qual1"]
[Site "Playchess.com INT"]
[Date "2021.04.24"]
[Round "7"]
[White "Mao, Kevin"]
[Black "Gast, Rainer"]
[Result "0-1"]
[WhiteElo "1777"]
[BlackElo "1620"]
[PlyCount "92"]
[EventDate "2021.04.24"]
[EventType "swiss (blitz)"]
[EventRounds "11"]
[EventCountry "GER"]
[SourceTitle "CBM 202 Extra"]
[Source "ChessBase"]
[SourceDate "2021.07.31"]
[SourceVersion "1"]
[SourceVersionDate "2021.07.31"]
[SourceQuality "1"]

1. e4 c6 2. Nf3 d5 3. exd5 cxd5 4. Ne5 Nf6 5. Bb5+ Bd7 6. Nxd7 Nbxd7 7. 0-0 a6 8. Be2 e6 9. d4 Bd6 10. c3 0-0 11. Bd3 Qc7 12. g3 b5 13. Qe2 Nb6 14. Nd2 Nc4 15. f4 g6 16. Nf3 Rab8 17. Ne5 Rfc8 18. g4 Ne8 19. Rf2 Ng7 20. Nxc4 bxc4 21. Bc2 Re8 22. Qf3 f5 23. g5 Kf7 24. Qh3 Rh8 25. Qh6 Bf8 26. Qh3 Ne8 27. Re2 Nd6 28. Qf3 h6 29. Rg2 h5 30. b3 Ne4 31. Bxe4 dxe4 32. Qe3 Bd6 33. Rb1 Rhc8 34. Rc2 a5 35. Bd2 Qc6 36. Qe1 Qc7 37. Rcb2 Bxf4 38. Qf2 Bxd2 39. Qxd2 cxb3 40. Rxb3 Rxb3 41. Rxb3 Rb8 42. Qb2 Rxb3 43. Qxb3 f4 44. d5 Qd7 45. c4 exd5 46. cxd5 e3 0-1

[Event "Staufenberg Muender op 1st"]
[Site "Staufenberg"]
[Date "2011.06.12"]
[Round "4"]
[White "Wuestehube, Harry"]
[Black "Gast, Rainer"]
[Result "1/2-1/2"]
[WhiteElo "1957"]
[BlackElo "2013"]
[PlyCount "37"]
[EventDate "2011.06.10"]
[EventType "swiss"]
[EventRounds "7"]
[EventCountry "GER"]
[SourceTitle "CBM 142 Extra"]
[Source "ChessBase"]
[SourceDate "2011.06.27"]
[SourceVersion "1"]
[SourceVersionDate "2011.06.27"]
[SourceQuality "1"]

1. e4 c6 2. d4 d5 3. e5 Bf5 4. Nf3 e6 5. Be2 Nd7 6. 0-0 Ne7 7. Nh4 Bg6 8. Nd2 c5 9. c3 Nc6 10. Nxg6 hxg6 11. Nf3 Be7 12. Rb1 Rc8 13. Be3 0-0 14. a3 cxd4 15. cxd4 Na5 16. Qa4 a6 17. Rfc1 Rxc1+ 18. Rxc1 b5 19. Qc2 1/2-1/2

[Event "Staufenberg Muender op 1st"]
[Site "Staufenberg"]
[Date "2011.06.11"]
[Round "2"]
[White "Carlstedt, Jonathan"]
[Black "Gast, Rainer"]
[Result "1-0"]
[WhiteElo "2308"]
[BlackElo "2013"]
[PlyCount "79"]
[EventDate "2011.06.10"]
[EventType "swiss"]
[EventRounds "7"]
[EventCountry "GER"]
[SourceTitle "CBM 142 Extra"]
[Source "ChessBase"]
[SourceDate "2011.06.27"]
[SourceVersion "1"]
[SourceVersionDate "2011.06.27"]
[SourceQuality "1"]

1. c4 e6 2. g3 d5 3. Bg2 Nf6 4. Nf3 Be7 5. 0-0 0-0 6. b3 c6 7. Bb2 Nbd7 8. d3 Qc7 9. Qc2 b6 10. cxd5 Nxd5 11. Nd4 Bb7 12. e4 N5f6 13. Nc3 Rac8 14. Rad1 c5 15. Nde2 a6 16. h3 b5 17. f4 Rfd8 18. e5 Nd5 19. Nxd5 Bxd5 20. Bxd5 exd5 21. d4 cxd4 22. Qxc7 Rxc7 23. Nxd4 Bc5 24. Kg2 Bxd4 25. Rxd4 Rc2+ 26. Rf2 Rxf2+ 27. Kxf2 Nb8 28. Rd2 Kf8 29. Ba3+ Ke8 30. Bd6 Rc8 31. Rxd5 Rc2+ 32. Ke3 Nd7 33. a3 Rb2 34. Rd3 Nb6 35. Kd4 Nd7 36. Kc3 Rh2 37. h4 a5 38. Kd4 Rb2 39. Rc3 f5 40. Kd5 1-0